000 00666cam a22002051 4500
001 sa 64006547
003 DLC
005 20260227112040.0
008 890913s1963 io 000 0 ind
010 _asa 64006547
035 _a(OCoLC)23536648
040 _aDLC
_cMiU
_dDLC
042 _apremarc
050 0 0 _aDS644.2 1963
_b.A6
100 1 _aAbdulgani, Roeslan,
_d1914-
245 1 0 _aAsia Tenggara dalam sinar apinja Hari Pahlawan Indonesia;
_csambutan tertulis Roeslan Abdulgani mengenai Hari Pahlawan 10 Nopember 1963.
260 _a[Djakarta]
_bDepartemen Penerangan
_c[cover 1963]
300 _a40 p.
_bport.
_c22 cm.
500 _a"Penerbitan chusus, 291A."
999 _c59762
_d59762